Russian City By Picture - Statistics

General Stats
  • This quiz has been taken 152 times
  • The average score is 9 of 12
Answer Stats
Picture Answer % Correct
Moscow
100%
St. Petersburg
99%
Volgograd
91%
Nizhny Novgorod
81%
Kazan
80%
Vladivostok
74%
Novosibirsk
69%
Samara
64%
Rostov-on-don
61%
Omsk
59%
Perm
58%
Voronezh
53%
No matching quizzes found
Score Distribution
Percent of People with Each Score
Percentile by Number Answered
Your Score History
You have not taken this quiz